Culture Générale - Clic Quiz - La réponse est une qualité - Statistiques

Statistiques générales
  • Ce quiz a été pris 127 fois
  • Le résultat moyen est 17 sur 40
Statistiques - réponses
Hint Réponse % Correct
Compléte le nom de la série TV américaine diffusée de 1976 à 1981 sur ABC "________s de dames" Drôle
90%
Compléte le nom de la comédie-ballet de Molière représentée dès 1670 : Le Bourgeois ________homme Gentil
88%
Climat caractérisé par des températures généralement non extrêmes Tempéré
86%
Enseigne de hard-discount française créée en 1986 : _________ Price Leader
85%
Compléte le nom du seizième album des Aventures de Tintin : __________ Lune Objectif
84%
Un Jean-Marc danseur chorégraphe, jury à la TV de Danse avec les Stars Généreux
79%
Nom du footballeur international belge, gardien de but né en 1992 prénommé Thibaut Courtois
74%
Actrice, réalisatrice, artiste, animatrice de télévision et mannequin québécoise, née le 4 septembre 1986 : Charlotte Le _______ Bon
71%
CFA dans une partie de l'Afrique de l'Ouest Franc
70%
Zéro au démarrage d'une épidémie Patient
67%
Dans le monde du cirque, c'est le Monsieur qui est le maître de la piste, le chef d'orchestre des numéros, particulièrement des entrées de clowns Loyal
65%
Série de bande dessinée créée par Jean Graton en 1957, sur le thème du sport automobile : Michel ________ Vaillant
62%
Atterrissage d'un avion suivi immédiatement d'un décollage, sans faire un arrêt complet : _________-décollé Posé
60%
Nom du film de Philippe de Broca sorti en 1973 avec Jean-Paul Belmondo : .. _________ Magnifique
58%
Branche japonaise du bouddhisme mahāyāna hérité du chan chinois Zen
57%
Type de vin où à bouteille fermée et à 20 °C le dioxyde de carbone exerce une surpression de 1 à 2,5 bars Pétillant
56%
Titre décerné par le mémorial de Yad Vashem à une personne non juive qui a sauvé des Juifs pendant la Shoah (1941-1945) Juste
52%
Entre parenthèses dans la comédie romantique française réalisée par Richard Berry en 2001 : L'Art (__________) de la séduction Délicat
43%
Compléte le surnom de l'acteur McQueen : The King of ________ Cool
38%
Un des trois piliers du développement durable, tels que définis au sommet de la Terre de Rio en 1992 avec l'environnement et l'économie Social
36%
Idéal moral du XVIIe siècle européen, ayant une culture générale étendue, des qualités sociales propres à le rendre agréable à la cour ainsi que des vertus morales : ________ homme Honnête
35%
Film américain sorti en 1997 avec Georges Clooney et Nicole Kidman à l'affiche : .. _____________ Pacificateur
33%
En géométrie dans l'espace, c'est l'ensemble des points situés à l'intérieur d'une partie fermée de l'espace Solide
30%
Caractéristiques opposées d'une couleur, que la colorimétrie mesure par la différence entre la réflexion diffuse et la réflexion spéculaire d'une surface Brillant
28%
Titre de l'ultime épisode de la série TV Lost : Les Disparus (même des 2 derniers selon le découpage) Fin
28%
Surnom de Bob dans la série TV Friends : Bob le _________ Marrant
28%
Compléte le nom de la chanson d'INXS sortie en single en 1983 : __________ Sin Original
27%
Entreprise multinationale britannique de logiciels de comptabilité d'entreprise. Coté à la bourse de Londres au sein de l'indice FTSE 100 Sage
27%
Compléte le nom de l'œuvre du philosophe Friedrich Nietzsche parue en 1878 : ________ , trop ________ Humain
26%
Surnom de John Gillman interprété par Antony Starr dans la série TV The Boys : .. _____________ Protecteur
26%
Compléte le nom du format de fichiers le plus communément utilisé en astronomie : __________ Image Transport System Flexible
21%
En Mathématiques, qui indique un résultat affirmatif ou positif, en parlant d’un état dans une logique booléenne Vrai
20%
Commune de l'Isère de 8 584 habitants en 2021 (la 19e plus peuplée du département) Vif
19%
Nom ou la qualité donné, en France, à partir du XVe siècle, à un serviteur de confiance du prince Mignon
17%
Troisième album de Jean-Jacques Goldman sorti en janvier 1984 Positif
16%
Commune et ville du Cameroun située dans la région du Nord et chef-lieu du département du Faro (37000 habitants en 2005) Poli
14%
2e album studio de Florent Pagny paru le 22 juillet 1992 Réaliste
8%
Compléte le nom du lieu le plus au nord de l'État d'Irlande et de l'île homonyme : __________ Head Malin
7%
En informatique, Gestionnaire de listes électroniques libre (Système de Multi-Postage Automatique) Sympa
7%
Genre de lépidoptères (papillons) africains de la famille des Nymphalidae, de la sous-famille des Nymphalinae et de la tribu des Junoniini Precis
5%
Aucun quiz correspondant
Distribution des résultats
% des personnes avec chaque résultat
Percentile par nombre de réponses
Votre historique - résultats
Vous n’avez pas pris ce quiz